טוען...
Kahanikar ageya:Sandrabha aur prakiti
| מחבר ראשי: | |
|---|---|
| מחברים אחרים: | |
| פורמט: | Printed Book |
| שפה: | English |
| יצא לאור: |
Kanpur
Vikash Prakashan
2011
|
| מהדורה: | 2Ed. |
| נושאים: |
| LEADER | 00543nam a22001697a 4500 | ||
|---|---|---|---|
| 008 | 140825b xxu||||| |||| 00| 0 eng d | ||
| 020 | |a 818857099 | ||
| 100 | |a Sonvane, Chandrabhanu | ||
| 245 | |a Kahanikar ageya:Sandrabha aur prakiti | ||
| 250 | |a 2Ed. | ||
| 260 | |a Kanpur |b Vikash Prakashan |c 2011 | ||
| 300 | |a 156p. ; | ||
| 650 | 0 | |a Kahani - Alochana | |
| 700 | |a Ransubhe, Suranarayan | ||
| 942 | |c BK | ||
| 999 | |c 246546 |d 246546 | ||
| 952 | |0 0 |1 0 |4 0 |6 S_23 |7 0 |9 273702 |a HIN |b HIN |c S-23 |d 2014-08-25 |i 22552 |l 0 |o S-23 |p HIN22552 |r 2014-08-25 |v 250.00 |w 2014-08-25 |y BK | ||